| Поле | Инд. | ПП | Название | Значение |
|---|---|---|---|---|
| Тип записи | a | |||
| Библиографический уровень | m | |||
| 001 | Контрольный номер | a3e422f6de394008b8fc2b6f266c384d | ||
| 005 | Дата корректировки | 20250605123300.5 | ||
| 080 | a | Индекс УДК | 378.12(092)(01) | |
| 084 | a | Индекс другой классификации/Индекс ББК | 74.480.42г.я1 | |
| 097 | b | Оператор | *Ви* | |
| 245 | 10 | a | Заглавие | Твардовский Андрей Викторович |
| b | Продолж. заглавия | биобиблиографический указатель литературы | ||
| c | Ответственность | Тверской государственный технический университет, Зональная научная библиотека | ||
| c | Ответственность | составитель Л.В. Плёнкина | ||
| 260 | a | Место издания | Тверь | |
| c | Дата издания | 2025 | ||
| b | Издательство | ТвГТУ | ||
| 300 | a | Объем | 92 с. | |
| b | Иллюстрации/ тип воспроизводства | 1 л. портр. | ||
| 440 | _0 | a | Серия | Ученые ТвГТУ |
| 516 | 8_ | a | Прим. о типе комп. файла/ данных | Текст : электронный |
| 520 | 0_ | a | Аннотация | Биобиблиографический указатель подготовлен к юбилею заслуженного работника высшей школы РФ, доктора физико-математических наук, профессора, ректора Тверского государственного технического университета Твардовского Андрея Викторовича и включает публикации, изданные за период с 1978 по 2024 годы. Материал расположен по видам издания в хронологическом порядке, внутри года – в алфавите заглавий, что дает наглядную картину творческого пути учѐного. Библиографическое описание дано в соответствии с ГОСТ Р 7.0.100-2018 «Библиографическая запись. Библиографическое описание. Общие требования и правила составления». Указатель снабжен вступительной статьей, где приведены краткие биографические сведения и обзор научной, педагогической и общественной деятельности Андрея Викторовича. Отбор материала для указателя осуществлялся на основе ресурсов Зональной научной библиотеки Тверского государственного технического университета, электронной библиотеки Тверского государственного технического университета (https:// elib.tstu.tver.ru/MegaPro/Web), Российской государственной библиотеки (РГБ), научной электронной библиотеки «eLIBRARY» (https://elibrary.ru). |
| 535 | 1_ | a | Хранилище | Сервер |
| 653 | 0_ | a | Ключевые слова | Ученые ТвГТУ |
| a | Ключевые слова | Твардовский А.В. | ||
| a | Ключевые слова | Биобиблиографические указатели | ||
| 900 | a | Имя макрообъекта | 001-000185242-000000000-0000-0000-03 | |
| 900 | a | Имя макрообъекта | 001-000185242-000000000-0000-0000-01 | |
| 901 | t | Тип документа | m | |
| 905 | b | Дата создания записи обработка | 02.04.25 | |
| 922 | c | Кафедра | Зональная научная библиотека | |
| 951 | i | EL-ТГТУ? | Да |